LIBRARY & INFORMATION CENTRE, KCAET, TAVANUR

ONLINE PUBLIC ACCESS CATALOGUE (OPAC)

Dead man`s folly / (Record no. 5173)

MARC details
000 -LEADER
fixed length control field 00360cam a2200145ua 4500
041 ## - LANGUAGE CODE
Language code of text/sound track or separate title eng
082 ## - DEWEY DECIMAL CLASSIFICATION NUMBER
Classification number 823.308
Item number CHR/DE
100 ## - MAIN ENTRY--AUTHOR NAME
Personal name Christie, Agatha .
245 ## - TITLE STATEMENT
Title Dead man`s folly /
260 ## - PUBLICATION, DISTRIBUTION, ETC. (IMPRINT)
Place of publication New York :
Name of publisher Pocket Books, INC ,
Year of publication 1956.
300 ## - PHYSICAL DESCRIPTION
Number of Pages 178 ; .
942 ## - ADDED ENTRY ELEMENTS (KOHA)
Koha item type Books
Holdings
Withdrawn status Lost status Damaged status Home library Current library Date acquired Full call number Accession Number Koha item type Public note
Withdrawn     KAUAET Sanskrit University 07/04/2012 823.308 8827 Books Transferred to Sanskrit University
free website counter